Statistics for Northernmost Major Cities

Click here to take the quiz!

General Stats

  • This quiz has been taken 36,489 times
    (1,786 since last reset)
  • The average score is 13 of 21

Answer Stats

LatitudeCity% Correct
59.91 °NOslo
98%
59.33 °NStockholm
98%
55.76 °NMoscow
98%
59.93 °NSt. Petersburg
98%
60.17 °NHelsinki
96%
55.68 °NCopenhagen
91%
55.86 °NGlasgow
75%
53.90 °NMinsk
66%
56.86 °NYekaterinburg
61%
56.32 °NNizhny Novgorod
60%
53.55 °NHamburg
56%
53.55 °NEdmonton
56%
55.04 °NNovosibirsk
49%
54.75 °NUfa
43%
55.73 °NKazan
42%
54.99 °NOmsk
38%
55.01 °NNewcastle
37%
53.79 °NLeeds
37%
58.00 °NPerm
36%
55.21 °NChelyabinsk
34%
56.01 °NKrasnoyarsk
21%

Score Distribution

Percentile by Number Answered

Percent of People with Each Score

Your Score History

You have not taken this quiz since the last reset